LEADER 01174nam a2200289 u 4500 001 000000064323 003 CaOOAMICUS 005 20070226121338.0 008 011116m1939 fr u000 u fre u 035 $a10910163 040 $aPUL(R)$bita 100 1 $aDescartes, René,$d1596-1650.$0(OLS)http://pul/name/6016 240 10$aLettere$9(Descartes, René, 1596-1650).$1Gruppi, scelte.$0(OLS)http://pul/title/85195 245 10$aCorrespondance /$cDescartes ; publiée avec introduction et notes par Ch. Adam et G. Milhaud. 260 $aParis :$bAlcan,$c<1939>. 300 $av. <2> ;$c19 cm 490 1 $aTextes philosophiques 700 1 $aMilhaud, G.$0(OLS)http://pul/name/43493 700 1 $aAdam, Ch.$q(Charles),$db. 1857.$0(OLS)http://pul/name/38512 830 0$aTextes philosophiques (Alcan).$0(OLS)http://pul/title/85726 850 $aPUL 852 $aPUL$W1$xDP2 Filosofia 1$y62$m83 B 38$j83394$nBK-PRI$bv. 2$qStampati$B83394$CPULBib$Z2$F83394 $81 900 $aCartesio,$d1596-1650$96016 941 1 $a8 961 $aINV: 17378 996 $6245$aCorrespondance$9(OLS)http://pul/title/690 996 $6260$aParis :$bAlcan$9(OLS)http://pul/publisher/50788 LEADER 01545nam a2200373 a 4500 001 000000153669 003 CaOOAMICUS 005 20160908114639.0 008 160908s1994 it u000 u ita r 020 $a88-15-04834-0* 032 $aLibriCat 040 $aPUL$bita 100 1 $aLetta, Enrico,$d1966-$0(OLS)http://pul/name/83971 245 10$aPassaggio a nord-est :$bl'Unione europea tra geometrie variabili, cerchi concentrici e velocità differenziate /$cEnrico Letta. 260 $aBologna :$bIl Mulino,$c©1994. 300 $a200 p. ;$c19 cm. 490 1 $aArel 504 $aBibliografia p. 193-200. 610 14$aUnione europea.$0(OLS)http://pul/subject/23405 830 0$aArel.$0(OLS)http://pul/title/193152 850 $aPUL 852 $aPUL$W1$xDP1 Fondo G. Barberini$y122$m4 A 33$j67002$qFondi$B179591$CPULBib$Z2$F179591 $HBar446 $81 941 1 $a1 960 $aComunità economica europea (CEE)$923405 960 $aComunità economica europea (CEE)$923405 960 $aComunità europee$923405 960 $aComunità europee$923405 960 $aComunità europea (CE)$923405 960 $aComunità europea (CE)$923405 960 $aEuropean Union$923405 996 $6020$a88-15-04834-0*$9(OLS)http://pul/number/160968 996 $6245$aPassaggio a nord-est :$bl'Unione europea tra geometrie variabili, cerchi concentrici e velocità differenziate$9(OLS)http://pul/title/193151 996 $6260$aBologna :$bIl Mulino$9(OLS)http://pul/publisher/47928